000 00580nam a22002177a 4500
003 BUBTL
008 161129b xxu||||| |||| 00| 0 eng d
020 _a978-81-315-0655-4
082 _a005.73DRD
100 _9955
_aDrozdek,Adam
245 _aData Structures And Algorithms In Java
250 _a3rd
260 _aAustralia
_bCengage Learning
_cc2007
300 _a[xvi],773p.
_bills.
_c24cm.
650 0 _9957
_aTextile Engineering
700 _9956
_aDrozdek,Adam
760 _b3rd
856 _k0
_l0
_yDownload
942 _2ddc
_cBK
999 _c5394
_d5394